000
00272nam a22001097a 4500
008
240711b |||||||| |||| 00| 0 eng d
100
_a
Sunder, Kashmatrai
_9
16879
245
_a
Mohhabat Ji Manzil
260
_b
Bharat Jivan:
_c
1968.
_a
Bombay;
300
_a
112p.
942
_c
BK
999
_c
40017
_d
40017